[Event "Quebec-ch classe"]
[Site "Montreal CAN"]
[Date "2011.01.22"]
[Round "2"]
[White "Masse, Hugues"]
[Black "Libersan, Thierry"]
[Result "1/2-1/2"]
[WhiteElo "2158"]
[BlackElo "2112"]
[PlyCount "86"]
[GameId "2160767909812818"]
[EventDate "2011.01.21"]
[EventType "swiss"]
[EventRounds "5"]
[EventCountry "CAN"]
[SourceTitle "EXT 2013"]
[Source "ChessBase"]
[SourceDate "2012.11.22"]
[SourceVersion "1"]
[SourceVersionDate "2012.11.22"]
[SourceQuality "1"]

1. d4 Nf6 2. c4 c5 3. d5 e6 4. Nc3 exd5 5. cxd5 d6 6. e4 g6 7. Bd3 Bg7 8. h3 O-O 9. Nf3 Na6 10. O-O Nc7 11. Re1 Nd7 12. Bg5 Bf6 13. Bh6 Re8 14. a4 Ne5 15. Be2 Nxf3+ 16. Bxf3 Rb8 17. Re2 a6 18. a5 Bg5 19. Bxg5 Qxg5 20. Qd2 Qxd2 21. Rxd2 Nb5 22. Re1 f5 23. Kf1 Nxc3 24. bxc3 fxe4 25. Bxe4 b6 26. Rb2 b5 27. Bd3 Bd7 28. f4 Rxe1+ 29. Kxe1 Re8+ 30. Re2 Rxe2+ 31. Bxe2 Bf5 32. Bf3 Kg7 33. Kd2 h5 34. g4 Bc8 35. Ke3 Bd7 36. Be2 h4 37. Bf1 Kf6 38. g5+ Kf7 39. Bg2 Bf5 40. Bf1 Ke7 41. Bg2 Kd7 42. Kd2 Kc7 43. Ke3 Kd7 1/2-1/2

[Event "Quebec-ch classe"]
[Site "Montreal CAN"]
[Date "2011.01.22"]
[Round "2"]
[White "Plante, Michel"]
[Black "Brucker, Buck"]
[Result "1/2-1/2"]
[WhiteElo "2107"]
[BlackElo "2194"]
[PlyCount "39"]
[GameId "2160767909812819"]
[EventDate "2011.01.21"]
[EventType "swiss"]
[EventRounds "5"]
[EventCountry "CAN"]
[SourceTitle "EXT 2013"]
[Source "ChessBase"]
[SourceDate "2012.11.22"]
[SourceVersion "1"]
[SourceVersionDate "2012.11.22"]
[SourceQuality "1"]

1. d4 d5 2. Nf3 Nf6 3. e3 e6 4. Bd3 Nbd7 5. O-O Bd6 6. Nbd2 e5 7. e4 O-O 8. exd5 exd4 9. Nxd4 Ne5 10. Be2 Nxd5 11. Ne4 Be7 12. Ng3 Bf6 13. Nh5 Be7 14. Nf4 Bf6 15. Nh5 Be7 16. Ng3 c5 17. Ndf5 Bf6 18. c4 Nb6 19. Nd6 Be6 20. Nxb7 1/2-1/2

[Event "Quebec-ch classe"]
[Site "Montreal CAN"]
[Date "2011.01.22"]
[Round "2"]
[White "Poulin, Mathieu"]
[Black "Bouchard, Jean-Marc"]
[Result "1-0"]
[WhiteElo "2068"]
[BlackElo "1942"]
[PlyCount "65"]
[GameId "2160767909812821"]
[EventDate "2011.01.21"]
[EventType "swiss"]
[EventRounds "5"]
[EventCountry "CAN"]
[SourceTitle "EXT 2013"]
[Source "ChessBase"]
[SourceDate "2012.11.22"]
[SourceVersion "1"]
[SourceVersionDate "2012.11.22"]
[SourceQuality "1"]

1. d4 e6 2. c4 d5 3. Nc3 c6 4. cxd5 exd5 5. Qc2 Bd6 6. Nf3 Ne7 7. e4 dxe4 8. Nxe4 Bb4+ 9. Bd2 Bxd2+ 10. Qxd2 Bf5 11. Bd3 Qd5 12. Qf4 Bxe4 13. Bxe4 Qa5+ 14. Nd2 O-O 15. O-O Nd5 16. Nb3 Nxf4 17. Nxa5 Ne2+ 18. Kh1 Re8 19. f3 f5 20. Bxf5 Nxd4 21. Be4 Re7 22. Rfe1 g6 23. Rad1 Ne6 24. Rd6 Kf7 25. Nxb7 Rxb7 26. Rxe6 Rxb2 27. Bd3 Rb7 28. Bc4 Kg7 29. Re7+ Rxe7 30. Rxe7+ Kf6 31. Rxh7 a5 32. Rh6 Ke5 33. Bd3 1-0

[Event "Quebec-ch classe"]
[Site "Montreal CAN"]
[Date "2011.01.22"]
[Round "3"]
[White "Brucker, Buck"]
[Black "Drolet, Stephane"]
[Result "1/2-1/2"]
[WhiteElo "2194"]
[BlackElo "2219"]
[PlyCount "32"]
[GameId "2160767909812824"]
[EventDate "2011.01.21"]
[EventType "swiss"]
[EventRounds "5"]
[EventCountry "CAN"]
[SourceTitle "EXT 2013"]
[Source "ChessBase"]
[SourceDate "2012.11.22"]
[SourceVersion "1"]
[SourceVersionDate "2012.11.22"]
[SourceQuality "1"]

1. d4 d5 2. Bf4 Nf6 3. e3 c5 4. Nf3 Nc6 5. Nbd2 Qb6 6. c4 cxd4 7. exd4 Nxd4 8. cxd5 Nxf3+ 9. Qxf3 Bg4 10. Qg3 Bf5 11. Nc4 Qd4 12. Rd1 Qe4+ 13. Be3 Nxd5 14. Bd3 Qe6 15. O-O Bxd3 16. Rxd3 Qf5 1/2-1/2

[Event "Quebec-ch classe"]
[Site "Montreal CAN"]
[Date "2011.01.22"]
[Round "3"]
[White "Cote-Lalumiere, Tristan"]
[Black "Gras, Guillaume"]
[Result "0-1"]
[WhiteElo "1880"]
[BlackElo "2127"]
[PlyCount "159"]
[GameId "2160767909812826"]
[EventDate "2011.01.21"]
[EventType "swiss"]
[EventRounds "5"]
[EventCountry "CAN"]
[SourceTitle "EXT 2013"]
[Source "ChessBase"]
[SourceDate "2012.11.22"]
[SourceVersion "1"]
[SourceVersionDate "2012.11.22"]
[SourceQuality "1"]

1. e4 Nf6 2. Nc3 d5 3. e5 Ne4 4. d4 Nxc3 5. bxc3 c5 6. f4 Nc6 7. Nf3 Bf5 8. Bd3 e6 9. O-O Bg4 10. Be3 c4 11. Be2 Qa5 12. Qd2 h6 13. h3 Bf5 14. g4 Be4 15. Ne1 f5 16. exf6 gxf6 17. Bf3 O-O-O 18. Ng2 Bh7 19. Nh4 Ba3 20. Rab1 Rhg8 21. Kh1 Be7 22. Bg2 h5 23. g5 Rdf8 24. Bf3 fxg5 25. fxg5 Qc7 26. Qg2 Rxf3 27. Nxf3 Be4 28. h4 Bd6 29. Qh3 Bf5 30. Qg2 Ne7 31. Kg1 Ng6 32. Ne5 Nxh4 33. Qh2 Ng6 34. Bf4 Nxf4 35. Qxf4 Qd8 36. Rf3 Qxg5+ 37. Qxg5 Rxg5+ 38. Kf2 Bxe5 39. dxe5 h4 40. Ke3 h3 41. Rh1 Kc7 42. Kd4 Kc6 43. Rfxh3 Bxh3 44. Rxh3 Rg4+ 45. Ke3 Re4+ 46. Kd2 Rxe5 47. Rh8 Rf5 48. Re8 Kd7 49. Rb8 Kc7 50. Re8 Re5 51. Re7+ Kc6 52. Re8 a6 53. Rc8+ Kd7 54. Rb8 Kc7 55. Re8 b6 56. Re7+ Kc6 57. a4 b5 58. a5 Kd6 59. Ra7 Rh5 60. Rxa6+ Ke5 61. Rb6 Rh1 62. Rxb5 Ra1 63. Ke3 Ra2 64. Kd2 Ke4 65. Rb6 e5 66. a6 Ra3 67. Rc6 Ra4 68. Rd6 d4 69. cxd4 exd4 70. Re6+ Kd5 71. Rb6 Ra2 72. Kd1 Kc5 73. Rf6 c3 74. Rg6 Kb5 75. Rd6 Kc5 76. Rf6 Ra1+ 77. Ke2 Rc1 78. Kd3 Rd1+ 79. Ke4 Re1+ 80. Kd3 0-1

[Event "Quebec-ch classe"]
[Site "Montreal CAN"]
[Date "2011.01.22"]
[Round "3"]
[White "Dumont, Felix"]
[Black "Gagnon, Serge"]
[Result "0-1"]
[WhiteElo "2006"]
[BlackElo "1985"]
[PlyCount "100"]
[GameId "2160767909812827"]
[EventDate "2011.01.21"]
[EventType "swiss"]
[EventRounds "5"]
[EventCountry "CAN"]
[SourceTitle "EXT 2013"]
[Source "ChessBase"]
[SourceDate "2012.11.22"]
[SourceVersion "1"]
[SourceVersionDate "2012.11.22"]
[SourceQuality "1"]

1. Nf3 d6 2. c4 e5 3. Nc3 f5 4. e3 e4 5. Ng1 Nc6 6. d3 exd3 7. Bxd3 Ne5 8. Nf3 Nxd3+ 9. Qxd3 Nf6 10. O-O Be7 11. e4 fxe4 12. Nxe4 O-O 13. Nfg5 Nxe4 14. Qxe4 Bxg5 15. Qd5+ Be6 16. Qxe6+ Rf7 17. Bxg5 Qxg5 18. Rad1 Raf8 19. Qe4 Qc5 20. Qd5 Qxd5 21. cxd5 Re8 22. Rfe1 Rxe1+ 23. Rxe1 Rf5 24. Rd1 Kf8 25. g4 Rf4 26. Rc1 Rxg4+ 27. Kf1 Re4 28. Rxc7 Re7 29. Rc8+ Kf7 30. Rd8 Rc7 31. Rxd6 Ke7 32. Re6+ Kd7 33. Re3 Kd6 34. Rd3 Ke5 35. Ke2 Rd7 36. Ke3 Rxd5 37. Rxd5+ Kxd5 38. Kf4 b5 39. Kf5 a5 40. f4 a4 41. h3 b4 42. h4 Kd4 43. Ke6 g6 44. h5 Ke4 45. hxg6 hxg6 46. Kd6 b3 47. a3 Kd3 48. Ke5 Kc2 49. Kf6 Kxb2 50. Kxg6 Kxa3 0-1

[Event "Quebec-ch classe"]
[Site "Montreal CAN"]
[Date "2011.01.22"]
[Round "3"]
[White "Falardeau, Bruno"]
[Black "Lalumiere, Claude"]
[Result "1-0"]
[WhiteElo "1968"]
[BlackElo "1989"]
[PlyCount "69"]
[GameId "2160767909812828"]
[EventDate "2011.01.21"]
[EventType "swiss"]
[EventRounds "5"]
[EventCountry "CAN"]
[SourceTitle "EXT 2013"]
[Source "ChessBase"]
[SourceDate "2012.11.22"]
[SourceVersion "1"]
[SourceVersionDate "2012.11.22"]
[SourceQuality "1"]

1. d4 Nf6 2. c4 c5 3. d5 b5 4. cxb5 a6 5. bxa6 Bxa6 6. Nc3 g6 7. g3 d6 8. Bg2 Bg7 9. Nh3 Qb6 10. O-O h5 11. Re1 h4 12. e4 Bc8 13. e5 dxe5 14. Ng5 hxg3 15. hxg3 Ra7 16. Rxe5 Kf8 17. Re1 Na6 18. Qb3 Qd8 19. Nb5 Rb7 20. d6 e6 21. Bxb7 Bxb7 22. f3 Bd5 23. Qa3 Nb4 24. Qa7 Nd7 25. Qa4 Nd3 26. Bd2 Bxb2 27. Nc7 Bd4+ 28. Kg2 Nxe1+ 29. Rxe1 Bf6 30. Rxe6 Kg7 31. Nxd5 Bxg5 32. Bc3+ Kh7 33. Re7 Bxe7 34. dxe7 Nb6 35. exd8=Q 1-0

[Event "Quebec-ch classe"]
[Site "Montreal CAN"]
[Date "2011.01.22"]
[Round "3"]
[White "Gauthier, Denis"]
[Black "Giroux, Robert"]
[Result "1-0"]
[WhiteElo "2003"]
[BlackElo "2025"]
[PlyCount "85"]
[GameId "2160767909812829"]
[EventDate "2011.01.21"]
[EventType "swiss"]
[EventRounds "5"]
[EventCountry "CAN"]
[SourceTitle "EXT 2013"]
[Source "ChessBase"]
[SourceDate "2012.11.22"]
[SourceVersion "1"]
[SourceVersionDate "2012.11.22"]
[SourceQuality "1"]

1. d4 g6 2. c4 Bg7 3. Nc3 c5 4. d5 Bxc3+ 5. bxc3 f5 6. e4 fxe4 7. f3 d6 8. fxe4 Qa5 9. Qc2 Nf6 10. Bd3 Nbd7 11. Nf3 Ne5 12. O-O Nxf3+ 13. gxf3 Bh3 14. Rf2 O-O-O 15. Rb1 Bd7 16. Qb3 b6 17. Qc2 Ba4 18. Qb2 Bd7 19. Qd2 Ba4 20. Bc2 Bxc2 21. Qxc2 Qa6 22. Qb3 Nd7 23. Bf4 Ne5 24. Bxe5 dxe5 25. a4 Qa5 26. Qa3 Kc7 27. Rb5 Qa6 28. a5 Ra8 29. Rfb2 Rhf8 30. Kg2 Rf6 31. Ra2 Kd8 32. Qb3 Qc8 33. axb6 Rxf3 34. Kxf3 Qh3+ 35. Ke2 Qxh2+ 36. Kd3 Qg3+ 37. Kc2 Qf2+ 38. Kb1 Qf1+ 39. Kb2 Qe2+ 40. Ka1 Qe1+ 41. Kb2 Qe2+ 42. Qc2 Qxc4 43. Qa4 1-0

[Event "Quebec-ch classe"]
[Site "Montreal CAN"]
[Date "2011.01.22"]
[Round "3"]
[White "Larochelle, Martial"]
[Black "Poulin, Mathieu"]
[Result "1-0"]
[WhiteElo "2163"]
[BlackElo "2068"]
[PlyCount "61"]
[GameId "2160767909812833"]
[EventDate "2011.01.21"]
[EventType "swiss"]
[EventRounds "5"]
[EventCountry "CAN"]
[SourceTitle "EXT 2013"]
[Source "ChessBase"]
[SourceDate "2012.11.22"]
[SourceVersion "1"]
[SourceVersionDate "2012.11.22"]
[SourceQuality "1"]

1. c4 Nf6 2. g3 c6 3. Bg2 d5 4. Nf3 Nbd7 5. cxd5 cxd5 6. O-O e6 7. Nc3 b6 8. d3 Bd6 9. Bd2 a6 10. e4 Bb7 11. Qe2 dxe4 12. dxe4 e5 13. Rfd1 Qe7 14. Nh4 g6 15. Bh6 O-O-O 16. Rac1 Kb8 17. Bg5 Ka7 18. Nd5 Bxd5 19. exd5 h6 20. Be3 Nb8 21. a4 Kb7 22. Rc6 Nfd7 23. Rdc1 Rc8 24. Qc4 Nxc6 25. dxc6+ Ka7 26. a5 Bb4 27. axb6+ Nxb6 28. Bf1 Kb8 29. Bxb6 a5 30. Qb5 Ka8 31. c7 1-0

[Event "Quebec-ch classe"]
[Site "Montreal CAN"]
[Date "2011.01.22"]
[Round "3"]
[White "Rainfray, Arnaud"]
[Black "Plante, Michel"]
[Result "1-0"]
[WhiteElo "2401"]
[BlackElo "2107"]
[PlyCount "58"]
[GameId "2160767909812834"]
[EventDate "2011.01.21"]
[EventType "swiss"]
[EventRounds "5"]
[EventCountry "CAN"]
[SourceTitle "EXT 2013"]
[Source "ChessBase"]
[SourceDate "2012.11.22"]
[SourceVersion "1"]
[SourceVersionDate "2012.11.22"]
[SourceQuality "1"]

1. e4 d6 2. d4 Nf6 3. Nc3 e5 4. dxe5 dxe5 5. Qxd8+ Kxd8 6. Bc4 Ke8 7. Bg5 Bd6 8. O-O-O Be6 9. Bxe6 fxe6 10. f3 a6 11. Nh3 h6 12. Be3 Rf8 13. Nf2 Nc6 14. Nd3 b6 15. Na4 Ke7 16. Kb1 Nh5 17. c4 b5 18. cxb5 axb5 19. Nac5 Nf4 20. Rd2 Na5 21. b3 Rfb8 22. Bxf4 exf4 23. e5 Nc4 24. exd6+ cxd6 25. bxc4 bxc4+ 26. Rb2 Rxb2+ 27. Kxb2 dxc5 28. Nxc5 c3+ 29. Kb3 Rc8 1-0

[Event "Quebec-ch classe"]
[Site "Montreal CAN"]
[Date "2011.01.23"]
[Round "4"]
[White "Drolet, Stephane"]
[Black "Larochelle, Martial"]
[Result "1-0"]
[WhiteElo "2219"]
[BlackElo "2163"]
[PlyCount "63"]
[GameId "2160767909812838"]
[EventDate "2011.01.21"]
[EventType "swiss"]
[EventRounds "5"]
[EventCountry "CAN"]
[SourceTitle "EXT 2013"]
[Source "ChessBase"]
[SourceDate "2012.11.22"]
[SourceVersion "1"]
[SourceVersionDate "2012.11.22"]
[SourceQuality "1"]

1. d4 Nf6 2. Nf3 g6 3. g3 Bg7 4. Bg2 O-O 5. O-O d6 6. c4 Nc6 7. Nc3 a6 8. b3 Rb8 9. Nd5 Bg4 10. Nxf6+ Bxf6 11. Bb2 Qd7 12. Qd2 e5 13. dxe5 dxe5 14. Qxd7 Bxd7 15. Rad1 Rfd8 16. Rd2 Be6 17. Rfd1 Rxd2 18. Rxd2 Kf8 19. h4 h6 20. Ne1 Bf5 21. Bxc6 bxc6 22. f4 Ke7 23. fxe5 Bg7 24. Nf3 Be4 25. Kf2 c5 26. Ba3 Ke6 27. Bxc5 Bxf3 28. exf3 Bxe5 29. Re2 Kf6 30. Be7+ Kxe7 31. Rxe5+ Kf6 32. Rc5 1-0

[Event "Quebec-ch classe"]
[Site "Montreal CAN"]
[Date "2011.01.23"]
[Round "4"]
[White "Gras, Guillaume"]
[Black "Dumont, Felix"]
[Result "1-0"]
[WhiteElo "2127"]
[BlackElo "2006"]
[PlyCount "29"]
[GameId "2160767909812839"]
[EventDate "2011.01.21"]
[EventType "swiss"]
[EventRounds "5"]
[EventCountry "CAN"]
[SourceTitle "EXT 2013"]
[Source "ChessBase"]
[SourceDate "2012.11.22"]
[SourceVersion "1"]
[SourceVersionDate "2012.11.22"]
[SourceQuality "1"]

1. e4 c5 2. Nc3 d6 3. Bc4 e6 4. f4 Nc6 5. Nf3 g6 6. d3 Bg7 7. f5 exf5 8. O-O Nge7 9. Qe1 O-O 10. Qh4 Ne5 11. Bg5 Re8 12. Nxe5 dxe5 13. Nd5 h5 14. Nxe7+ Kh7 15. Bxf7 1-0

[Event "Quebec-ch classe"]
[Site "Montreal CAN"]
[Date "2011.01.23"]
[Round "4"]
[White "Lalumiere, Claude"]
[Black "Giroux, Robert"]
[Result "1-0"]
[WhiteElo "1989"]
[BlackElo "2025"]
[PlyCount "151"]
[GameId "2160767909812841"]
[EventDate "2011.01.21"]
[EventType "swiss"]
[EventRounds "5"]
[EventCountry "CAN"]
[SourceTitle "EXT 2013"]
[Source "ChessBase"]
[SourceDate "2012.11.22"]
[SourceVersion "1"]
[SourceVersionDate "2012.11.22"]
[SourceQuality "1"]

1. e4 e6 2. d4 d5 3. Nc3 Nf6 4. e5 Nfd7 5. Nce2 c5 6. c3 Nc6 7. f4 Be7 8. Nf3 O-O 9. Ng3 cxd4 10. cxd4 f5 11. Be2 Bb4+ 12. Kf2 Qb6 13. Be3 Be7 14. Rb1 Qd8 15. a3 Nb6 16. Qd2 a5 17. Bd3 a4 18. Qd1 Na5 19. Nd2 Bd7 20. Rc1 Bh4 21. Kf1 Qe8 22. Qe2 Be7 23. Rc2 Rc8 24. Rxc8 Qxc8 25. Kf2 Nac4 26. Rc1 Bb5 27. Ngf1 Qd7 28. Rc2 Rc8 29. Nb1 Bc6 30. Bc1 Bf8 31. Qh5 g6 32. Qe2 Qg7 33. Rc3 Be7 34. Bc2 Bh4+ 35. g3 Be7 36. Ke1 Kf7 37. g4 Bd7 38. Kd1 Bh4 39. Rh3 Bd8 40. Nc3 Nxa3 41. bxa3 fxg4 42. Qxg4 Rxc3 43. Rxc3 Bb5 44. Ng3 Nc4 45. Rf3 Bb6 46. Ne2 Bd7 47. Qg5 Ba5 48. Qf6+ Qxf6 49. exf6 Kxf6 50. Rh3 Kg7 51. Rg3 Kf6 52. Nc3 b5 53. Ne2 Bc6 54. h4 Nd6 55. Rh3 h5 56. Rg3 Nf5 57. Bxf5 Kxf5 58. Rg5+ Kf6 59. Bd2 Bc7 60. Rg3 Bd7 61. Nc1 Bb6 62. Be3 Kf5 63. Rg5+ Kf6 64. Nd3 Be8 65. Ne5 Kg7 66. Rg2 Bd8 67. Nf3 Bb6 68. Rc2 b4 69. axb4 Bb5 70. Nd2 Kf6 71. Rc8 Bd7 72. Rb8 a3 73. Kc1 Bc7 74. Rb7 Bd6 75. Rxd7 Bxb4 76. Kb1 1-0

[Event "Quebec-ch classe"]
[Site "Montreal CAN"]
[Date "2011.01.23"]
[Round "4"]
[White "Libersan, Thierry"]
[Black "Bouchard, Jean-Marc"]
[Result "1-0"]
[WhiteElo "2112"]
[BlackElo "1942"]
[PlyCount "75"]
[GameId "2160767909812842"]
[EventDate "2011.01.21"]
[EventType "swiss"]
[EventRounds "5"]
[EventCountry "CAN"]
[SourceTitle "EXT 2013"]
[Source "ChessBase"]
[SourceDate "2012.11.22"]
[SourceVersion "1"]
[SourceVersionDate "2012.11.22"]
[SourceQuality "1"]

1. e4 e6 2. Qe2 c5 3. Nf3 Nc6 4. g3 d6 5. Bg2 Nf6 6. O-O Be7 7. c3 O-O 8. d4 cxd4 9. cxd4 d5 10. e5 Ne4 11. Nc3 Nxc3 12. bxc3 Na5 13. Be3 Bd7 14. Nd2 Rc8 15. Rfc1 Ba3 16. Rc2 Ba4 17. Nb3 a6 18. Bf1 Nc4 19. Bc1 Be7 20. Qg4 f5 21. exf6 Rxf6 22. Bd3 h6 23. Bf4 Bd6 24. Bxd6 Nxd6 25. Re1 a5 26. Rcc1 b6 27. Nd2 Bd7 28. Qe2 Qf8 29. f4 g5 30. fxg5 hxg5 31. Rf1 Rxf1+ 32. Rxf1 Qg7 33. Nf3 Rxc3 34. Ne5 Be8 35. Qb2 Qc7 36. Qd2 Nf7 37. Nxf7 Bxf7 38. Qxg5+ 1-0

[Event "Quebec-ch classe"]
[Site "Montreal CAN"]
[Date "2011.01.23"]
[Round "4"]
[White "Plante, Michel"]
[Black "Falardeau, Bruno"]
[Result "1-0"]
[WhiteElo "2107"]
[BlackElo "1968"]
[PlyCount "49"]
[GameId "2160767909812844"]
[EventDate "2011.01.21"]
[EventType "swiss"]
[EventRounds "5"]
[EventCountry "CAN"]
[SourceTitle "EXT 2013"]
[Source "ChessBase"]
[SourceDate "2012.11.22"]
[SourceVersion "1"]
[SourceVersionDate "2012.11.22"]
[SourceQuality "1"]

1. d4 d5 2. Nf3 Nf6 3. e3 Bg4 4. h3 Bh5 5. g4 Bg6 6. Ne5 e6 7. h4 h5 8. Nxg6 fxg6 9. g5 Ng8 10. c4 Bb4+ 11. Nc3 Ne7 12. Qb3 Nbc6 13. Bd2 O-O 14. f4 Nf5 15. cxd5 Bxc3 16. dxc6 Bxd2+ 17. Kxd2 Nxd4 18. exd4 Qxd4+ 19. Kc2 Rxf4 20. Rd1 Qc5+ 21. Kb1 Qxc6 22. Bd3 Rf3 23. Rhe1 Rd8 24. Rxe6 Rdxd3 25. Rxc6+ 1-0

[Event "Quebec-ch classe"]
[Site "Montreal CAN"]
[Date "2011.01.23"]
[Round "4"]
[White "Poulin, Mathieu"]
[Black "Gauthier, Denis"]
[Result "0-1"]
[WhiteElo "2068"]
[BlackElo "2003"]
[PlyCount "76"]
[GameId "2160767909812845"]
[EventDate "2011.01.21"]
[EventType "swiss"]
[EventRounds "5"]
[EventCountry "CAN"]
[SourceTitle "EXT 2013"]
[Source "ChessBase"]
[SourceDate "2012.11.22"]
[SourceVersion "1"]
[SourceVersionDate "2012.11.22"]
[SourceQuality "1"]

1. d4 Nf6 2. c4 e6 3. Nc3 Bb4 4. Qc2 O-O 5. a3 Bxc3+ 6. Qxc3 b5 7. cxb5 c6 8. bxc6 Nxc6 9. Nf3 Bb7 10. e3 Rc8 11. Bd3 Ne5 12. Qb3 Bd5 13. Qd1 Nxd3+ 14. Qxd3 Qb6 15. O-O Bc4 16. Qb1 Bxf1 17. Kxf1 Qb3 18. Ne1 Rc6 19. Bd2 Rb8 20. Bb4 a5 21. Bd2 a4 22. Bb4 Nd5 23. Nd3 Rc2 24. Qd1 Nxb4 25. axb4 d6 26. Kg1 Rcc8 27. Qf1 e5 28. dxe5 dxe5 29. f3 Rd8 30. Ra3 Qc2 31. Rc3 Qd2 32. Nxe5 Qxb2 33. Rc5 a3 34. Nxf7 a2 35. Nh6+ gxh6 36. Rc1 Rxb4 37. Qe1 Qxc1 38. Qxc1 Rb1 0-1

[Event "Quebec-ch classe"]
[Site "Montreal CAN"]
[Date "2011.01.23"]
[Round "4"]
[White "Roy, Myriam"]
[Black "Rainfray, Arnaud"]
[Result "0-1"]
[WhiteElo "2004"]
[BlackElo "2401"]
[PlyCount "48"]
[GameId "2160767909812847"]
[EventDate "2011.01.21"]
[EventType "swiss"]
[EventRounds "5"]
[EventCountry "CAN"]
[SourceTitle "EXT 2013"]
[Source "ChessBase"]
[SourceDate "2012.11.22"]
[SourceVersion "1"]
[SourceVersionDate "2012.11.22"]
[SourceQuality "1"]

1. e4 c5 2. Nf3 e6 3. d4 cxd4 4. Nxd4 Nc6 5. Nc3 Nf6 6. Be2 Bb4 7. Nxc6 bxc6 8. e5 Nd5 9. Bd2 Qc7 10. Nxd5 Bxd2+ 11. Qxd2 cxd5 12. Qd4 Qxc2 13. Bd3 Qc7 14. O-O Qb6 15. Qg4 O-O 16. Qh4 h6 17. Rfe1 Rb8 18. Re3 Qxb2 19. Rae1 Qb4 20. f4 Qd4 21. Kh1 Rb4 22. Rf3 f6 23. Qh5 fxe5 24. Rg3 exf4 0-1

[Event "Quebec-ch classe"]
[Site "Montreal CAN"]
[Date "2011.01.23"]
[Round "5"]
[White "Dumont, Felix"]
[Black "Lalumiere, Claude"]
[Result "1/2-1/2"]
[WhiteElo "2006"]
[BlackElo "1989"]
[PlyCount "174"]
[GameId "2160767909812849"]
[EventDate "2011.01.21"]
[EventType "swiss"]
[EventRounds "5"]
[EventCountry "CAN"]
[SourceTitle "EXT 2013"]
[Source "ChessBase"]
[SourceDate "2012.11.22"]
[SourceVersion "1"]
[SourceVersionDate "2012.11.22"]
[SourceQuality "1"]

1. e4 c5 2. Nf3 d6 3. d4 cxd4 4. Nxd4 Nf6 5. Nc3 g6 6. Bg5 Bg7 7. Qd2 h6 8. Bh4 a6 9. f4 b5 10. a3 Bb7 11. Bd3 Qb6 12. Bf2 Ng4 13. Bg1 Qc7 14. h3 Nf6 15. Be3 Nbd7 16. O-O Nb6 17. e5 Nfd5 18. e6 Nc4 19. exf7+ Kxf7 20. Bxg6+ Kxg6 21. Qd3+ Kf7 22. Nxd5 Qd7 23. Nc3 Nxb2 24. Qe2 Rac8 25. Qh5+ Kf8 26. f5 Qe8 27. Ne6+ Kg8 28. Qxe8+ Rxe8 29. Nxg7 Kxg7 30. Bd4+ Kf7 31. Bxh8 Rxh8 32. Rfe1 Nc4 33. Re2 Rg8 34. Rae1 Ne5 35. Kf1 Rg3 36. Nb1 Bd5 37. Rf2 Nc4 38. Rfe2 Ne5 39. Rf2 h5 40. Rd1 Bc6 41. f6 Nc4 42. fxe7+ Kxe7 43. Re1+ Kd8 44. Rfe2 Kc7 45. c3 Ne5 46. Rd1 b4 47. axb4 Bb5 48. Rdd2 h4 49. Kf2 Bc6 50. Kf1 Ng6 51. Re6 Nf4 52. Rexd6 Bxg2+ 53. Rxg2 Nxg2 54. Rxa6 Ne3+ 55. Kf2 Rxh3 56. Ra7+ Kb6 57. Rh7 Nf5 58. Rh5 Ng3 59. Kg2 Rh1 60. Rxh4 Rxh4 61. Kxg3 Rh1 62. Nd2 Rd1 63. Ne4 Kc6 64. Kf3 Kd5 65. Nf6+ Ke5 66. Ng4+ Ke6 67. Nf2 Re1 68. Ne4 Ke5 69. b5 Rb1 70. Nd2 Rxb5 71. Ke3 Rb8 72. Nf3+ Kd5 73. Kd3 Rh8 74. Nd2 Rh2 75. c4+ Kc5 76. Ne4+ Kb4 77. Kd4 Rh1 78. Nf2 Rh4+ 79. Ne4 Rh8 80. Nd6 Rh5 81. Ne4 Ka5 82. Nf6 Rf5 83. Nd5 Ka6 84. Kc5 Kb7 85. Kb5 Rh5 86. Kc5 Rh6 87. Kb5 Rh5 1/2-1/2

[Event "Quebec-ch classe"]
[Site "Montreal CAN"]
[Date "2011.01.23"]
[Round "5"]
[White "Falardeau, Bruno"]
[Black "Poulin, Mathieu"]
[Result "1/2-1/2"]
[WhiteElo "1968"]
[BlackElo "2068"]
[PlyCount "168"]
[GameId "2160767909812850"]
[EventDate "2011.01.21"]
[EventType "swiss"]
[EventRounds "5"]
[EventCountry "CAN"]
[SourceTitle "EXT 2013"]
[Source "ChessBase"]
[SourceDate "2012.11.22"]
[SourceVersion "1"]
[SourceVersionDate "2012.11.22"]
[SourceQuality "1"]

1. e4 c6 2. d4 d5 3. Nc3 dxe4 4. Nxe4 Bf5 5. Ng3 Bg6 6. Nf3 Nd7 7. Be2 e6 8. O-O Bd6 9. Re1 Ngf6 10. c4 O-O 11. Bd2 c5 12. dxc5 Nxc5 13. b4 Nce4 14. c5 Be7 15. Bc4 Nxd2 16. Nxd2 a5 17. bxa5 Qxa5 18. Nde4 Nxe4 19. Nxe4 Bxe4 20. Rxe4 Bxc5 21. Qf3 Rad8 22. Rae1 Rd2 23. R4e2 Rfd8 24. g3 Qb4 25. Qb3 Qxb3 26. axb3 g5 27. Rxd2 Rxd2 28. Re2 Rd1+ 29. Kg2 Kg7 30. Re5 Be7 31. Re2 b6 32. Re5 h6 33. Re2 Bc5 34. h3 Kf6 35. g4 Kg6 36. Re4 Rd2 37. Re2 Rd4 38. Kg3 h5 39. f3 Rd1 40. Kg2 h4 41. Rc2 Kf6 42. Kh2 Re1 43. Re2 Rc1 44. Rd2 Ke5 45. Kg2 Kf4 46. Bf1 Rc3 47. b4 Be3 48. Ra2 e5 49. b5 e4 50. fxe4 Bc5 51. Re2 Rg3+ 52. Kh2 Rg1 53. Bg2 Rb1 54. Bh1 Rxb5 55. e5 Be3 56. Re1 Rb2+ 57. Bg2 b5 58. Rf1+ Kxe5 59. Rxf7 b4 60. Rd7 b3 61. Rd5+ Ke6 62. Rd3 Bf4+ 63. Kg1 Rb1+ 64. Kf2 b2 65. Rb3 Ke5 66. Bf1 Bg3+ 67. Kg2 Kd4 68. Bd3 Rd1 69. Bf5 Rd2+ 70. Kg1 Kc4 71. Be6+ Kd4 72. Bf5 Bf4 73. Kf1 Kc4 74. Be6+ Kd4 75. Bf5 Be3 76. Ke1 Rg2 77. Rd3+ Kc4 78. Rxe3 Rg1+ 79. Kf2 b1=Q 80. Bxb1 Rxb1 81. Re5 Rb2+ 82. Kf3 Rb3+ 83. Re3 Rd3 84. Ke4 Rxe3+ 1/2-1/2

[Event "Quebec-ch classe"]
[Site "Montreal CAN"]
[Date "2011.01.23"]
[Round "5"]
[White "Gagnon, Serge"]
[Black "Plante, Michel"]
[Result "0-1"]
[WhiteElo "1985"]
[BlackElo "2107"]
[PlyCount "56"]
[GameId "2160767909812851"]
[EventDate "2011.01.21"]
[EventType "swiss"]
[EventRounds "5"]
[EventCountry "CAN"]
[SourceTitle "EXT 2013"]
[Source "ChessBase"]
[SourceDate "2012.11.22"]
[SourceVersion "1"]
[SourceVersionDate "2012.11.22"]
[SourceQuality "1"]

1. d4 d6 2. c4 e5 3. dxe5 dxe5 4. Qxd8+ Kxd8 5. Nc3 Be6 6. e4 c6 7. Nf3 f6 8. Be3 Nd7 9. O-O-O Kc7 10. Nd2 Bc5 11. Bxc5 Nxc5 12. Kc2 a5 13. Be2 Ne7 14. b3 Rhd8 15. a3 Nc8 16. f3 Nb6 17. Nf1 a4 18. b4 Nb3 19. Rxd8 Kxd8 20. Ne3 Nd4+ 21. Kd3 Kc7 22. c5 Nd7 23. Bd1 b6 24. cxb6+ Nxb6 25. Nc2 Nb5 26. Ne3 Nxa3 27. Kd2 Rd8+ 28. Ke2 Nb5 0-1